| 000 | 00995nam a2200265Ia 4500 | ||
|---|---|---|---|
| 003 | OSt | ||
| 005 | 20221005111559.0 | ||
| 006 | a|||||r|||| 00| 0 | ||
| 007 | ta | ||
| 008 | 221004b |||||||| |||| 00| 0 hin d | ||
| 020 | _a9789383513550 (pbk) | ||
| 024 | _a27407 | ||
| 037 |
_bGift, 26/07/2016, _cTextual |
||
| 040 |
_aCRL _cCRL _bhin |
||
| 041 |
_2hin _ahin |
||
| 082 | _aO152,1N87x, Q6 | ||
| 100 | _aराणा, प्रिया | ||
| 245 | 0 | _aनया धर्म ग्रन्थः स्त्रीवादी चेतना की कविताएॅं | |
| 246 | _aNayā dharma granthah strīvādī chetanā kī kavitāeॅan | ||
| 260 |
_aनई दिल्ली _bस्वराज प्रकाशन भारत _c2016 |
||
| 300 |
_a71पृ0 _ccm. |
||
| 650 | _aहिन्दी साहित्य | ||
| 942 |
_hO152,1N87x, Q6 _cTEXL _2cc |
||
| 999 |
_c1022239 _d1022239 |
||